000 00284nam a22001337a 4500
082 _a894.812.3
_bPAN/S
100 _aPANAMARAM, CICILY
245 _aSANTHWANAM THEDUNNAVA
260 _aCALICUT
_bMEEVEL BOOKS
_c1999
300 _a82
520 _aNOVEL
650 _aNOVEL
942 _cBK
999 _c5046
_d5046